[Event "Challenge"]
[Site "http://www.queenalice.com/game.php?id=131353"]
[Date "2006.11.19"]
[Round "-"]
[White "junior11"]
[Black "McErik"]
[Result "0-1"]
[WhiteElo "1697"]
[BlackElo "1760"]

1. e4 d6 2. d4 Nf6 3. Nc3 g6 4. Nf3 Bg7 5. g3 O-O 6. Bg2 c5 7. O-O cxd4 8. Nxd4
Nc6 9. Bg5 Ng4 10. Nce2 h6 11. Bd2 Nxd4 12. Nxd4 Bxd4 13. Bf3 Nxf2 14. Rxf2 Qb6
15. Be1 Qxb2 16. Kh1 Qxa1 17. Qxa1 Bxa1 18. c3 Bh3 19. Rc2 Rac8 20. Bd2 Kg7 21.
Kg1 e5 22. Kf2 f5 23. Ke3 b5 24. Kd3 b4 25. c4 fxe4+ 26. Bxe4 Bf1+ 0-1

[Event "AUTO-ADV-485"]
[Site "http://www.queenalice.com/game.php?id=208315"]
[Date "2007.5.9"]
[Round "1"]
[White "Chris93"]
[Black "McErik"]
[Result "0-1"]
[WhiteElo "1812"]
[BlackElo "2133"]

1. e4 b6 2. d4 Bb7 3. Bd3 e6 4. Nf3 d6 5. Qe2 Nd7 6. c3 Ne7 7. O-O Ng6 8. c4 Be7
9. Nc3 c5 10. d5 O-O 11. b3 Bf6 12. Bb2 Nde5 13. Nd2 Nf4 14. Qd1 Nexd3 15. Rb1
Nxb2 16. Rxb2 Bxc3 17. Rc2 Qg5 18. g3 Ba5 19. Nf3 Nh3+ 20. Kh1 Qh6 21. Qe2 f5
22. exf5 exd5 23. Qe7 Rf7 24. Qe1 d4 25. Qd1 Qh5 26. Kg2 Rxf5 27. Re1 Bxf3+ 0-1

[Event "AUTO-ADV-485"]
[Site "http://www.queenalice.com/game.php?id=208316"]
[Date "2007.5.9"]
[Round "1"]
[White "McErik"]
[Black "Chris93"]
[Result "1-0"]
[WhiteElo "2128"]
[BlackElo "1818"]

1. Nf3 d5 2. d4 Nf6 3. e3 e6 4. Bd3 Nc6 5. Nc3 Bd6 6. e4 dxe4 7. Nxe4 Nxe4 8.
Bxe4 Bd7 9. O-O Qe7 10. c4 f5 11. Bxc6 Bxc6 12. d5 Bd7 13. Bg5 Qf7 14. c5 Be7
15. Ne5 Qf8 16. Nxd7 Kxd7 17. dxe6+ Kxe6 18. Re1+ Kf7 19. Qd5+ Kg6 20. Bxe7 c6
21. Qe6+ Qf6 22. Bxf6 gxf6 23. Re3 Rad8 24. Rg3+ Kh5 25. Qxf5+ Kh6 26. Qh3# 1-0

[Event "AUTO-ADV-485"]
[Site "http://www.queenalice.com/game.php?id=208327"]
[Date "2007.5.9"]
[Round "1"]
[White "rxk"]
[Black "McErik"]
[Result "0-1"]
[WhiteElo "1847"]
[BlackElo "2103"]

1. d4 b6 2. c4 Bb7 3. Nc3 e6 4. e4 d6 5. Bd3 Nd7 6. Nf3 Ne7 7. O-O g6 8. Re1 Bg7
9. Be3 h6 10. Rc1 O-O 11. Qd2 g5 12. h3 c5 13. d5 Ng6 14. Nh2 Nde5 15. Be2 Qe7
16. b3 a6 17. Bh5 Nf4 18. Bxf4 gxf4 19. Ne2 Qg5 20. Bf3 Rae8 21. Rcd1 b5 22.
Nxf4 bxc4 23. Nh5 Nxf3+ 24. Nxf3 Qxh5 25. bxc4 f5 0-1

[Event "AUTO-ADV-485"]
[Site "http://www.queenalice.com/game.php?id=208328"]
[Date "2007.5.9"]
[Round "1"]
[White "McErik"]
[Black "rxk"]
[Result "1-0"]
[WhiteElo "2075"]
[BlackElo "1774"]

1. Nf3 e6 2. e4 c5 3. Nc3 Nc6 4. d4 cxd4 5. Nxd4 Bb4 6. Nxc6 bxc6 7. Qd4 Bxc3+
8. Qxc3 Nf6 9. e5 Nd5 10. Qg3 O-O 11. Bh6 g6 12. Bxf8 Kxf8 13. O-O-O c5 14. h4
Rb8 15. h5 Nb4 16. hxg6 fxg6 17. Rxh7 Nxa2+ 18. Kd2 Qa5+ 19. Ke3 Rxb2 20. Qf4+
Ke8 21. Rh8+ 1-0

[Event "AUTO-ADV-485"]
[Site "http://www.queenalice.com/game.php?id=208333"]
[Date "2007.5.9"]
[Round "1"]
[White "rubenov"]
[Black "McErik"]
[Result "0-1"]
[WhiteElo "1780"]
[BlackElo "2037"]

1. d4 b6 2. e4 Bb7 3. Nc3 e6 4. Bf4 Bb4 5. Bd3 Nf6 6. Qe2 c5 7. dxc5 bxc5 8. Bd2
O-O 9. a3 Bxc3 10. Bxc3 d5 11. Bxf6 Qxf6 12. e5 Qd8 13. Qh5 h6 14. O-O-O Qb6 15.
Nf3 c4 16. Bf1 Nc6 17. g4 Rab8 18. c3 d4 19. Nxd4 Nxd4 20. Rg1 Nb3+ 21. Kb1 Be4+
22. Ka2 Nc1+ 0-1

[Event "AUTO-ADV-485"]
[Site "http://www.queenalice.com/game.php?id=208334"]
[Date "2007.5.9"]
[Round "1"]
[White "McErik"]
[Black "rubenov"]
[Result "1-0"]
[WhiteElo "1982"]
[BlackElo "1773"]

1. Nf3 d5 2. d4 Nc6 3. Bf4 Nf6 4. e3 Bg4 5. c3 e6 6. Qb3 Bxf3 7. Qxb7 Na5 8. Qa6
Bxg2 9. Bxg2 Nc4 10. Qc6+ Nd7 11. b3 Nb2 12. Kd2 1-0

[Event "AUTO-ADV-489"]
[Site "http://www.queenalice.com/game.php?id=210312"]
[Date "2007.5.13"]
[Round "1"]
[White "McErik"]
[Black "IkeBroflovski"]
[Result "1-0"]
[WhiteElo "2007"]
[BlackElo "1629"]

1. Nf3 Nf6 2. d4 d5 3. e3 e6 4. Bd3 c5 5. O-O Nc6 6. Nc3 Be7 7. dxc5 Bxc5 8. Qe2
O-O 9. e4 dxe4 10. Nxe4 Nxe4 11. Qxe4 1-0

[Event "AUTO-ADV-489"]
[Site "http://www.queenalice.com/game.php?id=210323"]
[Date "2007.5.13"]
[Round "1"]
[White "Ernani"]
[Black "McErik"]
[Result "0-1"]
[WhiteElo "1991"]
[BlackElo "2112"]

1. e4 b6 2. Nf3 Bb7 3. Nc3 e6 4. Bc4 Ne7 5. O-O d5 6. exd5 Nxd5 7. Nxd5 Bxd5 8.
Bxd5 Qxd5 9. d4 Nc6 10. Bf4 Bd6 11. Qd2 O-O 12. Bxd6 cxd6 13. c3 Rac8 14. Qg5
Qxg5 15. Nxg5 Ne7 16. Rfe1 h6 17. Ne4 Rfd8 18. g3 f5 19. Nd2 Kf7 20. f4 a6 21.
c4 Nc6 22. Nf3 Nb4 23. Re2 Rxc4 24. b3 Rc3 25. Kf2 g6 26. Rd1 b5 27. Rdd2 Rdc8
28. Ne1 R3c7 29. Nd3 Nd5 30. Kg2 Rc3 31. h4 b4 32. Nb2 Rc1 33. Nc4 Rc6 34. Rc2
Rxc2 35. Rxc2 Rxc4 36. Rxc4 Ne3+ 37. Kf3 Nxc4 38. bxc4 e5 39. dxe5 dxe5 40. Ke3
e4 41. Kd4 h5 42. c5 Ke6 0-1

[Event "AUTO-ADV-489"]
[Site "http://www.queenalice.com/game.php?id=210324"]
[Date "2007.5.13"]
[Round "1"]
[White "McErik"]
[Black "Ernani"]
[Result "1-0"]
[WhiteElo "2049"]
[BlackElo "1987"]

1. Nf3 d5 2. d4 Nc6 3. Bf4 Nf6 4. e3 Bf5 5. Bd3 Bg6 6. Bb5 a6 7. Bxc6+ bxc6 8.
c4 Rb8 9. Qa4 Rxb2 10. Qxc6+ Qd7 11. Qxa6 Rxb1+ 12. Rxb1 Bxb1 13. Ne5 Qd8 14.
Nc6 1-0

[Event "AUTO-ADV-489"]
[Site "http://www.queenalice.com/game.php?id=210329"]
[Date "2007.5.13"]
[Round "1"]
[White "Rutty"]
[Black "McErik"]
[Result "0-1"]
[WhiteElo "1920"]
[BlackElo "2008"]

1. e4 b6 2. d4 Bb7 3. Nc3 e6 4. Nf3 d6 5. Bc4 Nd7 6. O-O Ngf6 7. Bg5 a6 8. e5
dxe5 9. Nxe5 Nxe5 10. dxe5 Qxd1 11. Raxd1 Nd7 12. f4 h6 13. Bh4 g5 14. fxg5 Nxe5
15. Bb3 hxg5 16. Bxg5 Bc5+ 17. Kh1 Ng4 0-1

[Event "AUTO-ADV-489"]
[Site "http://www.queenalice.com/game.php?id=210330"]
[Date "2007.5.13"]
[Round "1"]
[White "McErik"]
[Black "Rutty"]
[Result "1-0"]
[WhiteElo "2082"]
[BlackElo "1992"]

1. Nf3 d5 2. d4 Nc6 3. Bf4 Nf6 4. e3 Bf5 5. Bd3 e6 6. Bxf5 exf5 7. Qd3 g6 8. Qb5
Rb8 9. O-O a6 10. Qa4 Qd7 11. c4 Bg7 12. Nc3 O-O 13. cxd5 Nxd5 14. Nxd5 Qxd5 15.
Bxc7 Rbc8 16. Bg3 h6 17. Rac1 f6 18. Rc5 Qe6 19. d5 Qe7 20. Rfc1 Na7 21. d6 Qd8
22. Qb3+ Kh7 23. Qxb7 Rxc5 24. Rxc5 Nb5 25. Qxa6 Nxd6 26. Bxd6 Re8 27. Nd4 f4
28. Bxf4 f5 29. Rc7 Kh8 30. Qxg6 Re7 31. Rxe7 Qxe7 32. Nxf5 Qd7 33. h3 1-0

[Event "AUTO-ADV-489"]
[Site "http://www.queenalice.com/game.php?id=258958"]
[Date "2007.8.21"]
[Round "2"]
[White "Aues"]
[Black "McErik"]
[Result "0-1"]
[WhiteElo "1905"]
[BlackElo "2166"]

1. d4 Nf6 2. c4 e6 3. Nc3 d5 4. Bg5 c6 5. cxd5 exd5 6. e3 h6 7. Bh4 Bf5 8. Bd3
Bxd3 9. Qxd3 Bd6 10. Nf3 O-O 11. O-O Nbd7 12. e4 dxe4 13. Nxe4 Be7 14. Rfe1 Re8
15. Nxf6+ Nxf6 16. Ne5 Qd5 17. f3 Rad8 18. Bf2 Bb4 19. Re2 Bd6 20. Nc4 Rxe2 21.
Qxe2 Re8 22. Qc2 Bf4 23. g3 Qxf3 24. Re1 Rxe1+ 25. Bxe1 Bc7 26. Qf2 Qd5 27. b3
Ne4 28. Qe3 Ng5 0-1

[Event "AUTO-ADV-489"]
[Site "http://www.queenalice.com/game.php?id=258960"]
[Date "2007.8.21"]
[Round "2"]
[White "deep"]
[Black "McErik"]
[Result "0-1"]
[WhiteElo "1979"]
[BlackElo "2145"]

1. e4 d6 2. d4 Nf6 3. Nc3 g6 4. f4 Bg7 5. Nf3 O-O 6. Bd3 c5 7. d5 Qb6 8. Rb1 e6
9. Bc4 exd5 10. Bxd5 Qa6 11. Qd3 Nxd5 12. Qxa6 Nxa6 13. Nxd5 Re8 14. O-O Rxe4
15. Nd2 Bd4+ 16. Kh1 Re2 17. Nf3 Be6 18. Nxd4 cxd4 19. Ne7+ Kf8 20. f5 Bxa2 21.
Ra1 Kxe7 22. Rxa2 Rc8 23. fxg6 fxg6 24. Bg5+ Ke6 25. Ra4 Rcxc2 26. Rxd4 Nc5 27.
h4 Ne4 0-1

[Event "AUTO-ADV-489"]
[Site "http://www.queenalice.com/game.php?id=258961"]
[Date "2007.8.21"]
[Round "2"]
[White "McErik"]
[Black "deep"]
[Result "1-0"]
[WhiteElo "2156"]
[BlackElo "1977"]

1. Nf3 d5 2. d4 Nf6 3. e3 Bf5 4. Bd3 Bxd3 5. Qxd3 c6 6. O-O e6 7. c4 dxc4 8.
Qxc4 Nbd7 9. Nc3 Nb6 10. Qe2 Be7 11. e4 O-O 12. Bf4 h6 13. Rfd1 Nh5 14. Bd2 Nf6
15. Rab1 Qc7 16. Ne5 Nfd7 17. Nd3 Nc4 18. Bf4 Bd6 19. e5 Be7 20. Rbc1 Ncb6 21.
Qg4 Kh7 22. d5 Nxd5 23. Nxd5 exd5 24. e6 Bd6 25. Bxd6 Qxd6 26. exd7 Rad8 27. Qa4
a6 28. Nc5 Qc7 29. Qc2+ Kg8 30. b4 Qb6 31. Qc3 Ra8 32. Rd3 a5 33. Rg3 g6 34. Qf6
1-0

[Event "AUTO-ADV-485"]
[Site "http://www.queenalice.com/game.php?id=276766"]
[Date "2007.9.25"]
[Round "2"]
[White "josecastroman"]
[Black "McErik"]
[Result "0-1"]
[WhiteElo "1837"]
[BlackElo "2174"]

1. e4 c5 2. Nf3 Nc6 3. a3 Nf6 4. Nc3 e5 5. Bc4 Nxe4 6. Bxf7+ Kxf7 7. Nxe4 d5 8.
Ng3 Be7 9. d3 Rf8 10. h3 Kg8 11. Qe2 Bd6 12. Bd2 b5 13. O-O Qf6 14. c3 Bxh3 15.
Bg5 Qf7 16. Rae1 Bg4 17. Qe3 h6 18. Bh4 Bxf3 19. gxf3 Qf4 20. Qxf4 Rxf4 21. Bg5
hxg5 22. Kg2 Ne7 23. Rh1 Raf8 24. d4 exd4 25. cxd4 Rxf3 26. Re2 cxd4 27. Rh5 g4
28. Rg5 d3 0-1

[Event "AUTO-ADV-485"]
[Site "http://www.queenalice.com/game.php?id=276767"]
[Date "2007.9.25"]
[Round "2"]
[White "McErik"]
[Black "josecastroman"]
[Result "1-0"]
[WhiteElo "2172"]
[BlackElo "1827"]

1. e4 e5 2. Nf3 Nc6 3. Bb5 d6 4. d4 exd4 5. Nxd4 Bd7 6. O-O Nf6 7. Nxc6 Bxc6 8.
Nc3 Bxb5 9. Nxb5 h6 10. Re1 Be7 11. Nd4 O-O 12. Nf5 Kh7 13. c3 Ng8 14. Qd5 c6
15. Qd4 Nf6 16. Bf4 Rg8 17. Rad1 c5 18. Qc4 Qf8 19. Bxd6 Bxd6 20. Nxd6 b6 21. e5
Nd7 22. Nxf7 Qe7 23. Qe4+ g6 24. Qf4 g5 25. Qf5+ Rg6 26. Rxd7 1-0

[Event "AUTO-ADV-485"]
[Site "http://www.queenalice.com/game.php?id=276770"]
[Date "2007.9.25"]
[Round "2"]
[White "gardez2005"]
[Black "McErik"]
[Result "0-1"]
[WhiteElo "1907"]
[BlackElo "2181"]

1. d4 Nf6 2. c4 e6 3. Nf3 d5 4. Bg5 dxc4 5. Nc3 c6 6. e4 b5 7. e5 h6 8. Bh4 g5
9. Bg3 Nh5 10. Be2 Be7 11. O-O Bb7 12. a3 O-O 13. Qd2 a6 14. Rfd1 c5 15. d5 exd5
16. Nxd5 Bxd5 17. Qxd5 Qxd5 18. Rxd5 Nc6 19. Rad1 Rad8 20. Ne1 Nxg3 21. hxg3 Nd4
22. Rxd8 Nxe2+ 23. Kf1 Nxg3+ 24. fxg3 Rxd8 25. Rxd8+ Bxd8 26. g4 Bc7 27. Nf3 f6
28. exf6 Bd8 0-1

[Event "AUTO-ADV-485"]
[Site "http://www.queenalice.com/game.php?id=276771"]
[Date "2007.9.25"]
[Round "2"]
[White "McErik"]
[Black "gardez2005"]
[Result "1-0"]
[WhiteElo "2177"]
[BlackElo "1912"]

1. e4 e5 2. Nf3 Nc6 3. Bb5 Nf6 4. O-O Nxe4 5. Re1 Nd6 6. Nxe5 Be7 7. Bf1 O-O 8.
d4 Bf6 9. Na3 Ne7 10. Ng4 Ng6 11. Nxf6+ Qxf6 12. Qg4 h6 13. c3 Ne8 14. d5 d6 15.
Qg3 Ne5 16. Nc4 Nxc4 17. Bxc4 Bf5 18. Bf4 a6 19. f3 Qg6 20. Qxg6 Bxg6 21. Re7
Rc8 22. Rae1 Nf6 23. Be3 Rfe8 24. Bd4 Rxe7 25. Rxe7 Kf8 26. Re3 Nd7 27. Be2 Re8
28. Bxg7+ 1-0